Not Quite A Movie Title - Pixar - Statistics

General Stats
  • This quiz has been taken 5,245 times
  • The average score is 10 of 12
Answer Stats
Year Imperfect Title Correct Title % Correct
2009 Down Up
99%
2007 WALL-O WALL-E
99%
2015 Outside In Inside Out
98%
2003 Friending Nemo Finding Nemo
97%
2007 Batatouille Ratatouille
97%
1995 Toy Store Toy Story
93%
2022 Turning Green Turning Red
89%
2013 Monsters College Monsters University
87%
2012 Bravo Brave
86%
1998 A Cat's Life A Bug's Life
73%
2020 Outward Onward
62%
2015 The Big Dinosaur The Good Dinosaur
60%
No matching quizzes found
Score Distribution
Percent of People with Each Score
Percentile by Number Answered
Your Score History
You have not taken this quiz